LEADER 01139nam a2200241 i 4500 001 000000195255 003 CaOOAMICUS 005 20161010000000.0 008 161010s1998 it u000 u ita u 013 $a173921 040 $aSeMil$bita 100 1 $aCuzzi, Marco <1962- >.$0(OLS)http://semarc/name/70871 245 12$aL'occupazione italiana della Slovenia (1941-1943) /$cMarco Cuzzi. 260 $aRoma :$bUfficio storico SME,$ccopyr. 1998. 300 $a396 p. ;$c25 cm. 500 $aContiene : Bibliografia. - In testa al front : Stato Maggiore dell'Esercito Ufficio Storico. 650 4$aSlovenia - Occupazione italiana - 1941-1943.$0(OLS)http://semarc/subject/36679 710 0 $aItalia : Stato maggiore dell'esercito : Ufficio Storico.$0(OLS)http://semarc/name/54887 850 $aSeMil 852 $aSeMil$W1$xVenegono$y1$m3W II 3$j145824$B145824$CSeMilBibl$Z2$F214666 $81 961 $aOmaggio: Grampa dott. Cesare 996 $6245$aL'occupazione italiana della Slovenia (1941-1943)$9(OLS)http://semarc/title/281668 996 $6260$aRoma :$bUfficio storico SME$9(OLS)http://semarc/publisher/35604 LEADER 01279nam a2200217 i 4500 001 000000092444 003 CaOOAMICUS 005 20151130000000.0 008 151130s1873 xx u000 u fre u 013 $a64686 040 $aSeMil$bita 100 1 $aMarguerite-Marie : Alacoque .$0(OLS)http://semarc/name/4767 245 10$aVie de la Bienheureuse Marguerite-Marie religieuse de la Visitation Sainte Marie /$cécrite par elle-même ; texte authentique de ce préciux écrit, accompagné des notes historiques et théologiques, et suivi du récit des dernieres années de la vie de la bienheureuse et d'une neuvaine en son honneur par le p. S.-M. Giraud. 260 $a[Grenoble] :$bA. N. D. de La Salette,$cimprim. 1873. 300 $aVIII, 376 p. ;$c15 cm. 600 14$aAlacoque, Margherita Maria .$0(OLS)http://semarc/subject/1509 700 1 $aGiraud, Sylvain-Marie <1830-1885>.$0(OLS)http://semarc/name/9965 850 $aSeMil 852 $aSeMil$W1$xVenegono$y1$m3J I 95 FA$j55332$B55332$CSeMilBibl$Z2$F60045 $8I 996 $6245$aVie de la Bienheureuse Marguerite-Marie religieuse de la Visitation Sainte Marie$9(OLS)http://semarc/title/138610 996 $6260$a[Grenoble] :$bA. N. D. de La Salette$9(OLS)http://semarc/publisher/43982